000 00637nam a2200205 i 4500
001 42273
003 ES-MaACL
005 20230906160559.0
007 t|
008 030313s1965 sp ||||1| spa d
100 1 _aCastillo, Michel del,
_d1933-
_936708
245 1 3 _aLas lobas de El Escorial /
_cMichel del Castillo ; [versión española de Clara Sarti].
260 _aBarcelona :
_bLuis de Caralt,
_c[1965]
300 _a308 p., 9 lám. ;
_c20 cm.
490 1 _atorre de marfil
700 1 _aSartí, Clara.
_9103880
830 0 _atorre de marfil
_9181932
852 _aES-MaACL
_jF-7270
_bR.56666
999 _c42273
_d42273